000 00685nam a2200193 4500
001 121567
003 ES-MaACL
005 20230906191756.0
007 t|
008 070214s1947 sp r ||||1| spa d
100 1 _aPlans y Sanz de Bremond, Fructuoso.
_992573
245 1 0 _aDiccionario inglés-español y español-inglés de términos médicos y biológicos /
_cpor F. Plans y Sanz de Bremond y C. G. Turner ; prólogo del Prof. Dr. J. Casas.
260 _aMadrid [etc.] :
_bLib. Ed. Científico-Médica,
_c1947.
300 _a776 p. ;
_c16 cm.
700 1 _aTurner, C. G.
_9111723
700 1 _aCasas, J.
_9181915
852 _aES-MaACL
_jC-4670
_bR.25194
999 _c121567
_d121567